000 00426nam a2200157 a 4500
001 59529
005 20180714060518.0
008 140415s2010 xxc 000 0 eng d
020 _a9780867155006
041 _aeng
082 _a617.643059
_bREY
245 0 0 _aESSENTIALS OF ORTHOGNATHIC SURGERY
250 _a2a ed.
260 _aCANADA :
_bQUINTESSENCE PUBLISHING,
_c2010
300 _a2
_c22.3 x 1.9 x 28.6
999 _c59529
_d59529